Conveyancing (Record no. 76282)

MARC details
000 -LEADER
fixed length control field 01586cab a2200265 4500
001 - CONTROL NUMBER
control field ##L131824
008 - FIXED-LENGTH DATA ELEMENTS--GENERAL INFORMATION
fixed length control field 051212n2005 000 0 eng u
035 ## - SYSTEM CONTROL NUMBER
System control number (Sirsi) u131824
041 0# - LANGUAGE CODE
Language code of text/sound track or separate title eng
100 1# - MAIN ENTRY--PERSONAL NAME
Personal name Fenn, Katherine
245 00 - TITLE STATEMENT
Title Conveyancing
260 ## - PUBLICATION, DISTRIBUTION, ETC.
Date of publication, distribution, etc. 2005
490 #0 - SERIES STATEMENT
Series statement Estates Gazette
Volume/sequential designation (548) 3 December 2005, 212-219(7)
520 ## - SUMMARY, ETC.
Summary, etc. Group of features covering the impact of major changes in conveyancing on landowners, lessees and their various advisers including surveyors: "Ticking clock" describes the Land Registry's progress on its mission to get all land in England and Wales registered by 2012 and gives a historical overview of why some much land remains unregistered; "Sign up to complete the register" focuses on the Land Registry's promotion of voluntary registration; "Survival is a matter of knowledge" shows that small tenants are finding it increasingly difficult to keep up with the red tape governing leases; "Taking cover speeds the process" reports on the increasing popularity of title insurance policies; "Early learning key" suggests that practitioners should start preparing for the e-conveyancing future, and "Online community" warns that the chain matrix requires case-management systems to talk to each other.
590 ## - LOCAL NOTE (RLIN)
Local note IKA030106
650 24 - SUBJECT ADDED ENTRY--TOPICAL TERM
Topical term or geographic name entry element ECONVEYANCING
690 ## - LOCAL SUBJECT ADDED ENTRY--TOPICAL TERM (OCLC, RLIN)
Topical term or geographic name as entry element PROPERTY-PROPERTY ACQUISITION AND DISPOSAL-CONVEYANCING
700 1# - ADDED ENTRY--PERSONAL NAME
Personal name Williams, Peter J. G.
700 1# - ADDED ENTRY--PERSONAL NAME
Personal name Davies, Mark
700 1# - ADDED ENTRY--PERSONAL NAME
Personal name Chamberlain, Linda
700 1# - ADDED ENTRY--PERSONAL NAME
Personal name Browne, Paul
700 1# - ADDED ENTRY--PERSONAL NAME
Personal name Smith, Nigel
700 1# - ADDED ENTRY--PERSONAL NAME
Personal name Riddick, Mark
942 ## - ADDED ENTRY ELEMENTS (KOHA)
Suppress in OPAC 0
Holdings
Withdrawn status Lost status Source of classification or shelving scheme Damaged status Not for loan Home library Current library Shelving location Date acquired Total Checkouts Full call number Barcode Date last seen Copy number Price effective from Koha item type
    Dewey Decimal Classification     London London Journal article 12/12/2005   L131824 131824-1001 06/08/2019 1 06/08/2019 Journal article